Statistiken für Filmzitate #2

Klicken Sie hier um das Quiz zu spielen!

Allgemein

  • Dieses Quiz wurde 233 mal gespielt
  • Das Durchschnittsergebnis liegt bei 6 aus 15

Antwortstatistiken

ZitatFilm% Korrekt
Probier's mal mit Gemütlichkeit, mit Ruhe und Gemütlichkeit jagst du den Alltag und die Sorgen weg. Und wenn du stets gemütlich bist und etwas appetitlich ist, dann nimm es dir egal von welchem Fleck.Das Dschungelbuch
89%
Schluckst du die blaue Kapsel, ist alles aus. Du wachst in deinem Bett auf und glaubst an das was du glauben willst. Schluckst du die rote Kapsel, bleibst im Wunderland und ich führe dich in die tiefsten Tiefen des Kaninchenbaus!Matrix
78%
Das ist Sparta!300
69%
Ich möchte ein Spiel spielen.Saw
69%
Ich komme wieder.Terminator
54%
Ich mache ihm ein Angebot, das er nicht ablehnen kann.Der Pate
51%
Sieh mal was ich hier hab’. Ich hab’n Glas voll Dreck, ich hab’n Glas voll Dreck, und rat’ mal was da drin ist!Pirates of the Caribbean - Fluch der Karibik 2
39%
Nein, ich bin dein Vater.Das Imperium schlägt zurück
36%
Meine Freunde, ihr verneigt euch vor niemandem.Der Herr der Ringe: Die Rückkehr des Königs
28%
Sag' noch einmal was, sag noch einmal was, Ich warn' dich, Ich warn' dich doppelt du kleiner Schwanzlutscher, wag es auch nur noch ein einziges Mal 'was' zu sagen!Pulp Fiction
24%
Multi Pass!Das fünfte Element
23%
Ich bin keine Eule!Harry Potter und der Feuerkelch
18%
Wir sind Konsumenten. Wir sind Abfallprodukte der allgemeinen Lifestyle-Obsessionen.Fight Club
12%
Nein, nein, nein, nein, nein, nein!Inglourious Basterds
7%
Ich schwör's vor Gott. - Schwör's vor mir!Batman Begins
4%

Verteilung der Resultate

Perzentil nach korrekt beantworteten Fragen

Anzahl Personen mit jedem Resultat

Ihre Resultats-Entwicklung

Sie haben dieses Quiz noch nicht gespielt